Lý thuyết hạch toán kế toán /
Gardado en:
| Autor Principal: | |
|---|---|
| Formato: | Sách giấy |
| Idioma: | Vietnamese |
| Publicado: |
Tp. HCM :
Trường Đại học Kinh tế TP.HCM,
1993.
|
| Các nhãn: |
Engadir etiqueta
Sen Etiquetas, Sexa o primeiro en etiquetar este rexistro!
|
| Thư viện lưu trữ: | Thư viện Trường Đại học Đà Lạt |
|---|
| LEADER | 00623nam a2200253 4500 | ||
|---|---|---|---|
| 001 | DLU140159862 | ||
| 005 | ##20140219 | ||
| 040 | # | # | |a DLU |b vie |
| 041 | # | # | |a vie |
| 044 | # | # | |a vn |
| 082 | # | # | |a 657 |b DO-N |
| 100 | # | # | |a Đoàn Hồng Nhung. |
| 245 | # | # | |a Lý thuyết hạch toán kế toán / |c Đoàn Hồng Nhung. |
| 260 | # | # | |a Tp. HCM : |b Trường Đại học Kinh tế TP.HCM, |c 1993. |
| 300 | # | # | |a 220 tr. ; |c 19 cm. |
| 992 | # | # | |a 10000 |
| 994 | # | # | |a DLU |
| 900 | # | # | |a True |
| 911 | # | # | |a Trương Thị Mỹ Lệ |
| 925 | # | # | |a G |
| 926 | # | # | |a A |
| 927 | # | # | |a SH |
| 980 | # | # | |a Thư viện Trường Đại học Đà Lạt |